Η ασάλευτη ζωή

Αποθηκεύτηκε σε:
Λεπτομέρειες βιβλιογραφικής εγγραφής
Κύριος συγγραφέας: Παλαμάς, Κωστής, 1859-1943
Μορφή: Βιβλίο
Γλώσσα:Greek
Δημοσίευση: Αθήνα : [χ.ό.], 1952
Έκδοση:4η έκδ.
Θέματα:
Ετικέτες: Προσθήκη ετικέτας
Δεν υπάρχουν, Καταχωρήστε ετικέτα πρώτοι!

MARC

LEADER 00000cam a2200000 i 4500
001 1/98985
008 081208s1952 gre d
035 |l 10102290 
040 |a GR-MY-UA  |b gre  |e aacr 
041 0 |a gre 
082 0 |a 889.1  |2 (22) 
100 1 |a Παλαμάς, Κωστής,   |d 1859-1943. 
245 1 2 |a Η ασάλευτη ζωή /  |c Κωστή Παλαμά 
246 3 3 |a Τα ποιητικά του έργα 
250 |a 4η έκδ. 
260 |a Αθήνα :   |b [χ.ό.],   |c 1952 
300 |a 4 τ.;  |c 22 εκ. 
600 1 0 |a Παλαμάς, Κωστής,   |d 1859-1943. 
650 0 0 |a Greek poetry, Modern. 
650 0 0 |a Poets, Greek. 
852 |a INST  |b RHODES  |c AKA  |e 20081208  |h  889.1 ΠΑΛ  |p 005400031609  |q 005400031609  |t BK  |y 0 
901 |a BIBL4-2008-3 
909 |a Ρ  |b 156683 
970 |a ΚΟΖΑ  |b ΜΑΡΙΑ  |z 2008/12/08